• 首页
  • 本馆介绍
  • 公告通知
  • 最新文献
  • 馆藏检索
  • 电子资源
  • 读者导购
  • 参考咨询
  • 我的图书馆
  • 登录
  • 详细信息显示
  • 放入我的书架
  • 预约/预借图书
  • 作者相关作品
  • 分类相关作品
  • 丛书相关作品
  • 出版社相关作品

书目信息

  • 表格格式
  • 工作单格式
  • 卡片格式
题名:
定向运动
    
 
作者: 王翔 主编
分册:  
出版信息: 北京   高等教育出版社  2009
页数: 416页
开本: 23cm
丛书名:
单 册:
中图分类: G826 , G826
科图分类:
主题词: 定向运动--高等学校--教材 , 田径运动
电子资源:
ISBN: 978-7-04-027386-1
000 01026nam0 2200313 450
001 1635417212
005 20160405095244.62
010    @a978-7-04-027386-1@dCNY29.90
090    @aG826@bwx
096    @aG826@bwx
100    @a20100506d2009 em y0chiy50 ea
101 0  @achi
102    @aCN@b110000
105    @aa z 000yy
106    @ar
200 1  @a定向运动@b专著@f王翔[等]主编@Ading xiang yun dong
205    @a2版
210    @a北京@c高等教育出版社@d2009
215    @a416页@c图@d23cm
300    @a高等学校教材
304    @a主编还有:彭光辉、梁方勇、李飞龙
330    @a本书分为七篇:基础篇、教学篇、训练篇、地图测绘篇、路线设计篇等。内容包括:定向运动概述、定向运动教学理论与方法、定向运动训练的基本理论、定向运动赛事组织与管理、定向地图测绘基础、定向运动与拓展训练等。
606 0  @a定向运动@x高等学校@j教材
606 0  @a田径运动
690    @aG826@v4
690    @aG826@v4
701  0 @a王翔@c(体育)@4主编@Awang xiang
801  0 @aCN@b110019@c20100329
905    @aZUCC@dG826@et71
    
    定向运动/王翔[等]主编.-2版 .-北京:高等教育出版社,2009
    416页:图;23cm
    高等学校教材
    
    ISBN 978-7-04-027386-1:CNY29.90
    本书分为七篇:基础篇、教学篇、训练篇、地图测绘篇、路线设计篇等。内容包括:定向运动概述、定向运动教学理论与方法、定向运动训练的基本理论、定向运动赛事组织与管理、定向地图测绘基础、定向运动与拓展训练等。
●
相关链接 在E读中查询图书 在五车中查询图书 在当当中查询图书 在豆瓣中查询图书


正题名:定向运动     索取号:G826/t71         预约/预借

序号 登录号 条形码 馆藏地/架位号 状态 备注
1 6940582   269405823   密集书库-体育系/ [索取号:G826/t71] 在馆    
2 6940583   269405832   密集书库-体育系/ [索取号:G826/t71] 在馆    
3 6940584   269405841   密集书库-体育系/ [索取号:G826/t71] 在馆    
4 6940585   269405850   密集书库-体育系/ [索取号:G826/t71] 在馆    
唐山师范学院图书馆 欢迎您!
大连网信软件有限公司© 版权所有